[Event "HUN-chT 9394"]
[Site "?"]
[Date "1994.??.??"]
[Round "?"]
[White "Kiss, Laszlo"]
[Black "Gyimesi, Zoltan"]
[Result "1/2-1/2"]
[WhiteElo "2265"]
[BlackElo "2360"]

1.d4 d5 2.c4 dxc4 3.Nf3 Nf6 4.e3 e6 5.Bxc4 c5 6.O-O a6 7.a3 b5 8.Ba2 Bb7
9.dxc5 Bxc5 10.b4 Qxd1 11.Rxd1 Ba7  1/2-1/2

[Event "JUG-ch sf"]
[Site "Kladovo"]
[Date "1994.??.??"]
[Round "?"]
[White "Brkljaca, Ante"]
[Black "Marjanovic, Slavoljub"]
[Result "1/2-1/2"]
[WhiteElo "2355"]
[BlackElo "2425"]

1.d4 d5 2.c4 dxc4 3.e3 Nf6 4.Bxc4 e6 5.Nf3 c5 6.O-O a6 7.Qe2 b5 8.Bb3 Bb7
9.Nc3 Nbd7 10.Rd1 Qc7 11.h3 Bd6 12.a3 Rd8 13.e4 cxd4 14.Nxd4 Nc5 15.Bc2 O-O
16.Bg5 Bh2+ 17.Kh1 Be5 18.Qe3 h6 19.Bxf6 Bxf6 20.Nde2 Nd7 21.f4 e5 22.f5 Nb6
23.Bb3 Nc4 24.Bxc4 Qxc4 25.Ng3 Rxd1+ 26.Rxd1 Rd8 27.Rxd8+ Bxd8 28.Qd2 Bh4
29.Qe3 Bxg3 30.Qxg3 Bxe4 31.f6 g6 32.Kh2 Bb7 33.Qxe5 Qc6 34.Qg3 Kh7 35.Kg1 Qc5+
36.Qf2 Qe5 37.Nd1 g5 38.Ne3 h5 39.g4 hxg4 40.hxg4 Kg6 41.Nf5 Qf4 42.Nh4+ Kxf6
43.Qb6+ Ke5 44.Qc7+ Kd4 45.Nf5+ Kd3 46.Qc3+ Ke4 47.Qd4+ Kf3 48.Qd1+ Ke4 49.Qd4+ Kf3
50.Qd1+ Ke4 51.Qd4+  1/2-1/2

[Event "JUG-ch sf"]
[Site "Kladovo"]
[Date "1994.??.??"]
[Round "?"]
[White "Scekic, Milos"]
[Black "Zivic, Dragan"]
[Result "1/2-1/2"]
[WhiteElo "2265"]
[BlackElo "2280"]

1.d4 d5 2.c4 dxc4 3.Nf3 Nf6 4.e3 e6 5.Bxc4 c5 6.O-O a6 7.Qe2 b5 8.Bb3 Nbd7
9.a4 Bb7 10.axb5 axb5 11.Rxa8 Qxa8 12.Nc3 b4 13.Nb5 Bxf3 14.gxf3 Qb8 15.Rd1  1/2-1/2

[Event "Kstovo op"]
[Site "Kstovo"]
[Date "1994.??.??"]
[Round "1"]
[White "Guliev, Sarhan"]
[Black "Fomin, Taras"]
[Result "1-0"]
[WhiteElo "2490"]
[BlackElo "2280"]

1.d4 d5 2.c4 dxc4 3.Nf3 Nf6 4.e3 e6 5.Bxc4 c5 6.O-O a6 7.a4 Nc6 8.Nc3 Be7
9.Qe2 Qc7 10.Rd1 O-O 11.d5 exd5 12.Bxd5 Bg4 13.h3 Bh5 14.g4 Bg6 15.e4 Nd4
16.Nxd4 cxd4 17.Rxd4 Bc5 18.Rd3 Rae8 19.Be3 Nxe4 20.Nxe4 Bxe4 21.Bxe4 Rxe4
22.Qc2 Bd6 23.Qxc7 Bxc7 24.Rb3 f5 25.Rxb7 Rf7 26.Ra7 fxg4 27.Rxa6 gxh3 28.Ra8+ Rf8
29.Rxf8+ Kxf8 30.a5 Rg4+ 31.Kh1 Rg2 32.a6 Rh2+ 33.Kg1 Rg2+ 34.Kf1 Bh2 35.Ke2 Bb8
36.Rh1  1-0

[Event "Kstovo op"]
[Site "Kstovo"]
[Date "1994.??.??"]
[Round "4"]
[White "Verdihanov, Vladislav"]
[Black "Lugovoi, Aleksei"]
[Result "1/2-1/2"]
[WhiteElo "2410"]
[BlackElo "2465"]

1.d4 d5 2.c4 dxc4 3.Nf3 Nf6 4.e3 e6 5.Bxc4 c5 6.O-O a6 7.a4 Nc6 8.Qe2 Qc7
9.Nc3 Bd6 10.Bd2 O-O 11.Rac1 b6 12.d5 exd5 13.Nxd5 Nxd5 14.Bxd5 Bb7 15.e4 Rae8
16.Be3 Ne5 17.Bxb7 Nxf3+ 18.Qxf3 Qxb7 19.Rfd1 Be5 20.a5 Bxb2 21.Rb1 Bd4 22.Bxd4 cxd4
23.Rxb6 Qxe4 24.Qxe4 Rxe4 25.Rxa6 Re5 26.Kf1 Rd5 27.Ke2 g6 28.Kd3 Rc8 29.Ra1 Rc3+
30.Ke4 Rd8 31.Rb6 d3 32.a6 d2 33.Rbb1 Rcc8 34.Ke3 Kg7 35.Ke2 Rc7 36.Kd1 Re7
37.a7  1/2-1/2

[Event "Las Vegas op"]
[Site "Las Vegas"]
[Date "1994.??.??"]
[Round "?"]
[White "Orlov, Georgi"]
[Black "Small, Greg"]
[Result "1-0"]
[WhiteElo "2515"]
[BlackElo "2210"]

1.d4 d5 2.c4 dxc4 3.e3 Nf6 4.Bxc4 e6 5.Nf3 c5 6.O-O a6 7.Qe2 Nc6 8.Rd1 Be7
9.Nc3 Qc7 10.d5 exd5 11.Nxd5 Nxd5 12.Bxd5 O-O 13.Bd2 Bf6 14.Rac1 Ne7 15.Be4 Bxb2
16.Rc2 Bf6 17.Rdc1 Be6 18.Rxc5 Qb6 19.Ba5 Qa7 20.Qc2 Rac8 21.Bxh7+ Kh8 22.Be4 Rg8
23.Bc7 g6 24.Qb1 b5 25.Bd6 Qd7 26.Rxc8 Rxc8 27.Rxc8+ Nxc8 28.Bb4 Kg7 29.h3 Nb6
30.Qc2 Nd5 31.Bd2 b4 32.g4 a5 33.Nd4 Bxd4 34.exd4 Nf6 35.Bg2 Qxd4 36.Bc1 Qa1
37.Bf1 Qxa2 38.Qxa2 Bxa2 39.Bb2 g5 40.f4 gxf4 41.g5 a4 42.Bxf6+ Kg6 43.Bd3+ Kh5
44.Be2+ Kg6 45.h4 Bb1 46.h5+ Kf5 47.Bc4 a3 48.Bxf7 a2 49.Kf2 a1=Q 50.Bg6+  1-0

[Event "LAT-ch"]
[Site "?"]
[Date "1994.??.??"]
[Round "6"]
[White "Petkevich, Jusefs"]
[Black "Zhuravliov, Valerij"]
[Result "1/2-1/2"]
[WhiteElo "2445"]
[BlackElo "2455"]

1.d4 d5 2.Nf3 Nf6 3.c4 dxc4 4.e3 e6 5.Bxc4 c5 6.O-O Nc6 7.Nc3 Be7 8.Qe2 cxd4
9.Rd1 O-O 10.exd4 Nb4 11.Ne5 a6 12.Bb3 Bd7 13.Qf3 Bc6 14.Nxc6 bxc6 15.Bf4 Nbd5
16.Bg3 Qa5 17.Rac1 Rfc8 18.Bh4 Qd8 19.Na4 Nd7 20.Bg3 Bh4 21.Bxh4 Qxh4 22.g3 Qf6
23.Qe4 g6 24.Rc4 Qf5 25.Qxf5 gxf5 26.Rdc1 Ne7 27.Bd1 Rab8 28.Bf3 Nb6 29.Nxb6 Rxb6
30.b3 Kg7 31.Ra4 Kf6 32.Rc5 Nd5 33.Bxd5 exd5 34.Rc3 Re8 35.Kf1 h6 36.Re3 Re4
37.Ke2 Kg5 38.h4+ Kf6 39.f3 Re6 40.Kd2 Ke7 41.Rxe6+ fxe6 42.Ke3 Kf6 43.g4 fxg4
44.fxg4 e5 45.dxe5+ Kxe5 46.Rf4 Ke6 47.Rf5 Rb4 48.Kf3 Rb8 49.Kg3 Rg8 50.Kf4 Rg7
51.Re5+ Kd6 52.Re8 Rf7+ 53.Kg3 d4 54.g5 hxg5 55.hxg5 Kd5 56.Kg4 d3 57.Rd8+ Ke4
58.g6 Rf1 59.Kh5 Rh1+ 60.Kg5 Rg1+ 61.Kf6 Ke3 62.Re8+ Kf2 63.Rd8 Ke2 64.Re8+  1/2-1/2

[Event "Lloyds Bank op"]
[Site "London"]
[Date "1994.??.??"]
[Round "1"]
[White "Sakhatova, Elvira"]
[Black "Kumaran, Dharshan"]
[Result "1/2-1/2"]
[WhiteElo "2300"]
[BlackElo "2495"]

1.d4 Nf6 2.Nf3 d5 3.c4 dxc4 4.e3 e6 5.Bxc4 c5 6.O-O a6 7.Qe2 b5 8.Bb3 Bb7
9.a4 b4 10.Nbd2 Nbd7 11.a5 Be7 12.Rd1 O-O 13.e4 cxd4 14.e5 Nd5 15.Ne4 Qc7
16.Ng3 d3 17.Qe1 Rfd8 18.Bd2 Rac8 19.Rdc1 Nc5 20.Bc4 Qd7 21.Qd1 Nc7 22.Bxb4 Nb5
23.Bd2 Ne4 24.Nxe4 Bxe4 25.b3 h6 26.Be3 Qb7 27.Nd2 Ba3 28.Qg4 Bf5 29.Qh4 Bxc1
30.Rxc1 Na3 31.Qg3 Nxc4 32.bxc4 Kh7 33.Bb6 Rd7 34.c5 Qc6 35.Qe3 Qd5 36.Rc4 Rc6
37.f3 Bg6 38.h4 f6 39.exf6 gxf6 40.Kf2 e5 41.h5 Bf7 42.g4 Qe6 43.Rc3 Qd5
44.Rc4 Kg7 45.Ra4 Rc8 46.Ra1 Qc6 47.Ne4 Rd4 48.Rd1 Bd5 49.Nd6 Rf4 50.Nf5+ Kf7
51.Nh4 Be4 52.Rxd3 Bxd3 53.Qxd3 e4 54.Qe3 Rxf3+ 55.Nxf3 exf3 56.Qd3 Rg8 57.Qxf3 Qd7
58.Qb3+ Kg7 59.Qc4 Re8 60.c6 Qd2+ 61.Kf3 Qd1+ 62.Kf2 Qe1+ 63.Kf3 Qh1+ 64.Kg3 Qe1+
65.Kf3 Qd1+ 66.Kf2 Qe1+ 67.Kf3 Qd1+ 68.Kf2 Qe1+  1/2-1/2

[Event "Lloyds Bank op"]
[Site "London"]
[Date "1994.??.??"]
[Round "10"]
[White "Wilson, Jonathan"]
[Black "Ben Menachem, Itzhak"]
[Result "1/2-1/2"]
[WhiteElo "2190"]
[BlackElo "2345"]

1.d4 d5 2.c4 dxc4 3.e3 Nf6 4.Bxc4 e6 5.Nf3 c5 6.O-O a6 7.Bd3 Nc6 8.Nc3 cxd4
9.exd4 Be7 10.Bg5 O-O 11.Rc1 Nd5 12.Nxd5 Bxg5 13.Nxg5 Qxg5 14.Nb6 Rb8 15.Rc5 Qd8
16.Nxc8 Rxc8 17.Qc2 g6 18.Be4 Nxd4 19.Rxc8 Qxc8 20.Qxc8 Rxc8 21.Bxb7 Rb8
22.Bxa6 Rxb2 23.Rd1 e5 24.Bc4 Rc2 25.Bd5 Ne2+ 26.Kf1 Nc3 27.Bb3 Rb2 28.Re1 e4
29.Re3 Rb1+  1/2-1/2

[Event "SWZ-ch op"]
[Site "Luzern"]
[Date "1994.??.??"]
[Round "?"]
[White "Legky, Nikolay A"]
[Black "Raetsky, Alexander"]
[Result "1-0"]
[WhiteElo "2525"]
[BlackElo "2450"]

1.d4 d5 2.c4 dxc4 3.e3 Nf6 4.Bxc4 e6 5.Nf3 c5 6.O-O a6 7.b3 Nbd7 8.Bb2 Be7
9.a4 O-O 10.a5 cxd4 11.Nxd4 Ne5 12.Be2 Ng6 13.Nd2 Bd7 14.Nc4 Qc7 15.Nb6 Rad8
16.Rc1 Qb8 17.Qc2 Bb4 18.Bc3 Bd6 19.g3 h5 20.Nxd7 Rxd7 21.Nxe6 Rc8 22.Bc4 Be5
23.Ng5 Bxc3 24.Qxc3 Rcd8 25.b4 Qe5 26.f4 Qxc3 27.Rxc3 Kf8 28.Bb3 h4 29.e4 h3
30.e5 Ng4 31.Nxh3 Rd2 32.Nf2 Nxf2 33.Rxf2 Ne7 34.g4 Nc6 35.e6 fxe6 36.Bxe6 R8d4
37.Rc4 Rxf2 38.Kxf2 Rd2+ 39.Kg3 Rb2 40.Bd5 Nxb4 41.Bxb7 Rb3+ 42.Kh4 Ke7 43.Rc7+ Kf6
44.Bxa6 Ra3 45.g5+ Kg6 46.Bb7 Kf5 47.Bc8+  1-0

[Event "SWZ-ch int"]
[Site "Luzern"]
[Date "1994.??.??"]
[Round "7"]
[White "Klauser, Markus"]
[Black "Brunner, Lucas"]
[Result "0-1"]
[WhiteElo "2335"]
[BlackElo "2525"]

1.d4 d5 2.c4 dxc4 3.Nf3 Nf6 4.e3 e6 5.Bxc4 c5 6.O-O a6 7.Bd3 cxd4 8.exd4 Be7
9.Nc3 b5 10.Bg5 Nbd7 11.a3 Bb7 12.Re1 O-O 13.Bc2 Nd5 14.Qd3 g6 15.Bh6 Re8
16.Ne4 N5f6 17.Nc3 Ng4 18.Bf4 Nb6 19.Rad1 Nd5 20.Nxd5 Bxd5 21.Bb3 Nf6 22.Bg5 Bxb3
23.Qxb3 Nd5 24.Bxe7 Rxe7 25.Ne5 Rc8 26.Nd3 Qb6 27.Nc5 Rd8 28.Qg3 Qd6 29.Qh4 Kg7
30.Re5 Nf6 31.Rd3 Ng8 32.g4 h6 33.g5 h5 34.Qe4 Qb6 35.b4 Rde8 36.Nb3 Rd7
37.Rc5 Ne7 38.Qe5+ Kh7 39.Rf3 Nf5 40.d5 Qd8 41.Qf6 Qxf6 42.gxf6 exd5 43.Rd3 Rd6
44.Rcxd5 Rxf6 45.Rd1 Re4 46.Nd2 Rg4+ 47.Kh1 Nh4  0-1

[Event "EUCup f"]
[Site "Lyon"]
[Date "1994.??.??"]
[Round "?"]
[White "Kurajica, Bojan"]
[Black "Vaisser, Anatoli"]
[Result "1-0"]
[WhiteElo "2565"]
[BlackElo "2575"]

1.d4 d5 2.c4 e6 3.Nf3 Nf6 4.e3 dxc4 5.Bxc4 c5 6.O-O a6 7.a3 b5 8.Ba2 Bb7
9.Nc3 Be7 10.dxc5 Bxc5 11.Qe2 Nc6 12.e4 Nd4 13.Nxd4 Bxd4 14.e5 Nd7 15.Bf4 g5
16.Bg3 h5 17.Ne4 Bxe4 18.Qxe4 Bxb2 19.Rad1 Ra7 20.f4 gxf4 21.Qxf4 Qe7 22.Bh4 Bxe5
23.Qf2 Bf6 24.Rxd7 Qxd7 25.Qxf6 Rg8 26.Re1 Qe7 27.Qf2 Qd7 28.Qf3 Rc7 29.Rd1 Qc8
30.Bxe6 fxe6 31.Qxh5+ Rf7 32.Rd8+ Qxd8 33.Bxd8 Rf8 34.Bf6 Kd7 35.Qd1+ Kc6
36.Bc3 Rd7 37.Qe1 Re8 38.h4 Rd5 39.Bf6 e5 40.Qc3+ Rc5 41.Qa5 Kb7 42.Qd2 Kc6
43.Bg5 Rc4 44.Qf2 Re6 45.h5 Rd4 46.Qf5 Rd1+ 47.Kh2 Rdd6 48.Qe4+ Kc7 49.Qa8 Kb6
50.Be3+ Kc7 51.Qf8 Rd7 52.Bg5 e4 53.Bf4+ Kb6 54.Qc8  1-0

[Event "Marbach"]
[Site "Marbach"]
[Date "1994.??.??"]
[Round "?"]
[White "Pribyl, Josef"]
[Black "Giertz, Niklaus"]
[Result "1-0"]
[WhiteElo "2395"]
[BlackElo "2270"]

1.d4 d5 2.Nf3 Nf6 3.c4 dxc4 4.e3 e6 5.Bxc4 c5 6.O-O a6 7.dxc5 Qxd1 8.Rxd1 Bxc5
9.a3 b5 10.Be2 Bb7 11.b4 Be7 12.Bb2 Nbd7 13.Nbd2 O-O 14.Rac1 Rfc8 15.Nd4 Nb6
16.N2b3 Rxc1 17.Rxc1 Rc8 18.Rxc8+ Bxc8 19.Nc6 Bd6 20.Bd4 Bd7 21.Ne5 Bxe5
22.Bxe5 Nc4 23.Bxc4 bxc4 24.Nc5 Bb5 25.Bxf6 gxf6 26.Kf1 Kf8 27.Ke1 Ke7 28.Kd2 Kd6
29.Kc3 Bc6 30.g3 a5 31.Kxc4 axb4 32.axb4 Bf3 33.b5 Kc7 34.Kb4 f5 35.Ka5 Kd6
36.Kb6 Be2 37.Na4  1-0

[Event "Montevideo"]
[Site "Montevideo"]
[Date "1994.??.??"]
[Round "9"]
[White "Soppe, Guillermo"]
[Black "Valiente, Cristobal"]
[Result "1/2-1/2"]
[WhiteElo "2430"]
[BlackElo "2355"]

1.Nf3 Nf6 2.d4 d5 3.c4 dxc4 4.e3 e6 5.Bxc4 c5 6.O-O a6 7.Qe2 b5 8.Bb3 Bb7
9.a4 Qb6 10.axb5 axb5 11.Rxa8 Bxa8 12.Nc3 Bc6 13.Ne5 c4 14.Bc2 Bb4 15.e4 O-O
16.Nf3 g6 17.e5 Bxc3 18.bxc3 Nd5 19.Qd2 Nd7 20.Qh6 Ra8 21.Ng5 Nf8 22.Ne4 Nd7
23.Bg5 Qb8 24.Qh3 b4  1/2-1/2

[Event "Moscow ol (Men)"]
[Site "Moscow"]
[Date "1994.??.??"]
[Round "2"]
[White "Marin, Mihail"]
[Black "Motwani, Paul"]
[Result "1/2-1/2"]
[WhiteElo "2520"]
[BlackElo "2520"]

1.d4 d5 2.c4 dxc4 3.e3 Nf6 4.Bxc4 e6 5.Nf3 c5 6.O-O a6 7.b3 Nc6 8.Bb2 cxd4
9.Nxd4 Bd7 10.Nd2 Bd6 11.Be2 Qc7 12.N4f3 O-O 13.Rc1 Rfd8 14.Qc2 Rac8 15.Nc4 Be7
16.Qb1 Be8 17.a4 b5 18.axb5 axb5 19.Nce5 Qb7 20.Rfd1 Rxd1+ 21.Rxd1 Nb4 22.Nd4 Qb8
23.Nd3 Nbd5 24.Rc1 Ne4 25.Qa1 b4 26.Bf3 Nec3 27.Bxd5 Nxd5 28.Rc4 Nb6 29.Rxc8 Nxc8
30.Nc2 Qb5 31.Nf4 Bf8 32.h4 Nb6 33.Nd4 Qd7 34.Qa5 Nd5 35.Nxd5 Qxd5 36.Qxd5 exd5
37.Kf1 f6 38.Ke2 Bg6 39.Kd2 Kf7 40.Ne2 Bd6 41.Bd4 Ke6 42.Bb6 h5 43.Ba5 Bb1
44.Nd4+ Kd7 45.Nc2 Bxc2 46.Kxc2 Bc5 47.Kd3 f5 48.f3 g6 49.e4 fxe4+ 50.fxe4 Ke6
51.Bc7 Bf2 52.g3 Be1 53.Bf4 Bc3 54.Bb8 Be1 55.Ke2 Bc3 56.Ke3 Be1 57.Bc7 Bc3
58.Kf3 Be1  1/2-1/2

[Event "Moscow ol (Women)"]
[Site "Moscow"]
[Date "1994.??.??"]
[Round "3"]
[White "Baginskaite, Kamile"]
[Black "Hoang Than Trang"]
[Result "1/2-1/2"]
[WhiteElo "2325"]
[BlackElo "2285"]

1.d4 d5 2.c4 dxc4 3.Nf3 Nf6 4.e3 e6 5.Bxc4 c5 6.O-O a6 7.Bd3 Nc6 8.Nc3 Bd6
9.dxc5 Bxc5 10.a3 O-O 11.b4 Be7 12.Bb2 b5 13.Ne4 Bb7 14.Rc1 Nxe4 15.Bxe4 Rc8
16.Nd4 Nxd4 17.Bxb7 Rxc1 18.Bxc1 Nf5 19.Be4 Qxd1 20.Rxd1 Nd6 21.Bd3 Rd8 22.Rd2 Bf6
23.Kf1 Kf8 24.Ke2 Ke7 25.Rc2 Rc8 26.Rxc8 Nxc8 27.f4 h6 28.Bc2 Nb6 29.Kd3 Nc4
30.Bb3 Nd6 31.e4 Ba1 32.Be3 Nb7 33.Bd4 Bxd4 34.Kxd4 Kd6 35.e5+ Kc6 36.g4 Kb6
37.Bc2 a5 38.f5 axb4 39.axb4 Nd8 40.f6 g5 41.Bb3 Nc6+ 42.Ke4 Nd8 43.Ba2 Kc6
44.Bb1 Kb6 45.Ba2  1/2-1/2

[Event "Moscow ol (Men)"]
[Site "Moscow"]
[Date "1994.??.??"]
[Round "7"]
[White "Livshits, Ron"]
[Black "Valkesalmi, Kimmo"]
[Result "1/2-1/2"]
[WhiteElo "2370"]
[BlackElo "2370"]

1.d4 d5 2.c4 dxc4 3.e3 Nf6 4.Bxc4 e6 5.Nf3 c5 6.O-O a6 7.Qe2 Nbd7 8.Rd1 cxd4
9.exd4 Nb6 10.Bd3 Be7 11.Nc3 Bd7 12.Ne5 Rc8 13.Bg5 Bc6 14.Re1 O-O 15.Rad1 Bd5
16.Bb1 g6 17.Nxd5 Qxd5 18.Bxf6 Bxf6 19.Be4 Qxa2 20.Bxb7 Rc7 21.Bxa6 Rd8 22.g3 Qb3
23.Qb5 Qxb5 24.Bxb5 Rc2 25.Re2 Rxe2 26.Bxe2 Na4 27.Nc4  1/2-1/2

[Event "Moscow op"]
[Site "Moscow"]
[Date "1994.??.??"]
[Round "7"]
[White "Mitenkov, Alexey"]
[Black "Vulfson, Vladimir"]
[Result "1/2-1/2"]
[WhiteElo "2445"]
[BlackElo "2430"]

1.d4 d5 2.c4 dxc4 3.e3 Nf6 4.Bxc4 e6 5.Nf3 c5 6.O-O a6 7.Qe2 b5 8.Bb3 Bb7
9.a4 b4 10.a5 Nbd7 11.Nbd2 cxd4 12.exd4 Be7 13.Ne5 O-O 14.Ndc4 Nd5 15.Ba4 N7f6
16.Nc6 Qc7 17.N4e5 Rfc8 18.Bd2 Qd6 19.Rfc1 Bd8 20.Rc5 Bc7 21.g3 Qf8 22.Rac1 Bd6
23.R5c4 Rc7 24.f3 Rac8 25.Be1 h6 26.Bf2 Kh8 27.Kg2 g5 28.h3 Qg7 29.Kh2 Rg8
30.Nd3 h5 31.Nce5 h4 32.g4 Rxc4 33.Rxc4 Nxg4+ 34.hxg4 f6 35.Bc6 fxe5 36.dxe5 Bb8
37.Bxb7 Qxb7 38.Bc5 Rc8 39.b3 Qb5 40.Bd6 Rxc4 41.bxc4 Qxc4 42.Bxb8 b3 43.Qd2 Nf4
44.Nf2 b2 45.Ne4 Qxe4 46.Qd8+ Kh7 47.Qe7+ Kh6 48.Qf8+ Kh7  1/2-1/2

[Event "Moscow ol (Men)"]
[Site "Moscow"]
[Date "1994.??.??"]
[Round "8"]
[White "Temirbaev, Serik"]
[Black "Brunner, Lucas"]
[Result "1/2-1/2"]
[WhiteElo "2465"]
[BlackElo "2525"]

1.d4 d5 2.c4 dxc4 3.Nf3 Nf6 4.e3 e6 5.Bxc4 c5 6.O-O a6 7.dxc5 Bxc5 8.Qxd8+ Kxd8
9.a3 Nbd7 10.b4 Bd6 11.Bb2 b5 12.Be2 Bb7 13.Nbd2 Ke7 14.Nb3 Rac8 15.Rac1 e5
16.Na5 Ba8 17.Nd2 Ne4 18.Nxe4 Bxe4 19.Bf3 Bxf3 20.gxf3 Nb6 21.Rfd1 Ke6 22.Kf1 Rxc1
23.Rxc1 Rc8 24.Rxc8 Nxc8 25.e4 f5 26.Ke2 Nb6 27.Bc1 f4 28.Bb2 Bc7 29.Ba1 Nd7
30.Nb3 Bb6 31.Bc3 Nb8 32.Bb2 Nc6 33.Bc3 Kd6 34.Bb2 Nd8 35.Kf1 Ne6 36.Bc3 Ng5
37.Kg2 Nf7 38.Nc1 Nd8 39.Nb3 Ke6 40.Nc1 Nc6 41.Nb3 Ne7 42.Nc1 g6 43.Kf1 Nc6
44.Nb3 h5 45.Ke2 Kd6  1/2-1/2

[Event "Moscow ol (Men)"]
[Site "Moscow"]
[Date "1994.??.??"]
[Round "10"]
[White "Malaniuk, Vladimir P"]
[Black "Huebner, Robert"]
[Result "1/2-1/2"]
[WhiteElo "2610"]
[BlackElo "2605"]

1.d4 d5 2.c4 dxc4 3.e3 Nf6 4.Bxc4 e6 5.Nf3 c5 6.O-O a6 7.b3 Nbd7 8.Bb2 b6
9.d5 exd5 10.Bxd5 Ra7 11.Nc3 Be7 12.Qc2 O-O 13.Rfd1 Qc7 14.Be4 h6 15.Rd2 Nxe4
16.Nxe4 Re8 17.Rad1 Nf8 18.Ng3 b5 19.Nf5 Bxf5 20.Qxf5 Qc8 21.Qf4 Ne6 22.Qg3 Rd8
23.Rxd8+ Bxd8 24.Ne5 Bf6 25.h3 Bxe5 26.Qxe5 Rd7 27.Rd6 Rxd6 28.Qxd6 Qd8 29.Qxd8+ Nxd8
30.Kf1 f6 31.Ke2  1/2-1/2

[Event "Moscow ol (Men)"]
[Site "Moscow"]
[Date "1994.??.??"]
[Round "11"]
[White "Georgiev, Kiril"]
[Black "Brunner, Lucas"]
[Result "1-0"]
[WhiteElo "2615"]
[BlackElo "2525"]

1.d4 d5 2.c4 dxc4 3.Nf3 Nf6 4.e3 e6 5.Bxc4 c5 6.Qe2 a6 7.dxc5 Bxc5 8.O-O b5
9.Bd3 Nbd7 10.b3 Bb7 11.Bb2 O-O 12.Nbd2 Bd6 13.Rfd1 Nc5 14.Bc2 Qe7 15.Ng5 h6
16.Ngf3 Rfd8 17.Rac1 Rac8 18.b4 Ncd7 19.a3 Rc7 20.Bb3 Bd5 21.Bxd5 Nxd5 22.Rxc7 Bxc7
23.Rc1 N7b6 24.g3 Rc8 25.e4 Nf6 26.Nd4 Qe8 27.N4b3 Nfd7 28.Kg2 Bd6 29.Rxc8 Qxc8
30.Qd3 Bf8 31.Na5 Qc7 32.Bd4 Na4 33.Nf3 Qc8 34.Ne5 Nxe5 35.Bxe5 Be7 36.h4 Bd8
37.Nc6 Qxc6 38.Qxd8+ Kh7 39.f3 Nb6 40.Qf8 f6 41.Bxf6 gxf6 42.Qf7+ Kh8 43.Qf8+ Kh7
44.Qf7+ Kh8 45.Qf8+ Kh7 46.Qf7+ Kh8 47.Qxf6+ Kh7 48.Qf7+ Kh8 49.Qg6 Nd7 50.Qxh6+ Kg8
51.Qg6+ Kf8 52.h5 Ne5 53.Qh6+ Ke7 54.Qg5+ Kd6 55.Qd8+ Nd7 56.h6 Qc2+ 57.Kh3 Qd1
58.Kg4 Kc6 59.Qh8 Qh1 60.e5 Nxe5+ 61.Qxe5 Qxh6 62.Qc5+ Kd7 63.Qa7+ Ke8 64.Qb8+ Kd7
65.Qb7+ Ke8 66.Qc8+ Ke7 67.Qg8 Qh2 68.Qg7+ Ke8 69.Qg6+ Ke7 70.Qg5+ Kd7 71.Qg7+ Ke8
72.Qe5 Ke7 73.Qc5+ Kd7 74.Qa7+ Ke8 75.Qxa6  1-0

[Event "New York op"]
[Site "New York"]
[Date "1994.??.??"]
[Round "8"]
[White "Orlov, Georgi"]
[Black "Gunawan, Ruben"]
[Result "1-0"]
[WhiteElo "2515"]
[BlackElo "2315"]

1.d4 Nf6 2.Nf3 d5 3.c4 dxc4 4.e3 e6 5.Bxc4 c5 6.O-O a6 7.a4 Nc6 8.Qe2 Be7
9.Rd1 Qc7 10.Nc3 O-O 11.h3 Rd8 12.Ba2 b6 13.d5 exd5 14.Bxd5 Nxd5 15.Nxd5 Qb7
16.e4 Be6 17.Bf4 Bxd5 18.exd5 Nd4 19.Nxd4 cxd4 20.Rxd4 Bc5 21.Rd3 Rxd5 22.Qf3 Rad8
23.Re1 f6 24.Bc7 R8d7 25.Re8+ Kf7 26.Re2 Qc6 27.Bf4 Rd8 28.Red2 Rxd3 29.Qxc6 Rxd2
30.Bxd2 Rxd2 31.b4 Bxf2+ 32.Kf1 Bd4 33.Ke1  1-0

[Event "NLD-sf"]
[Site "?"]
[Date "1994.??.??"]
[Round "9"]
[White "Langeweg, Kick"]
[Black "Jonkman, Harmen"]
[Result "1/2-1/2"]
[WhiteElo "2390"]
[BlackElo "2280"]

1.d4 d5 2.c4 dxc4 3.e3 Nf6 4.Bxc4 e6 5.Nf3 c5 6.Qe2 a6 7.dxc5 Bxc5 8.O-O b5
9.Bd3 Nc6 10.Rd1 Qc7 11.Nbd2 Bb7 12.Nb3 Bd6 13.Bd2 O-O 14.Rac1 Qe7 15.e4 Ng4
16.Na5 Nxa5 17.Bxa5 Ne5 18.Nxe5  1/2-1/2

[Event "Orel"]
[Site "Orel"]
[Date "1994.??.??"]
[Round "6"]
[White "Neverov, Valeriy"]
[Black "Legky, Nikolay A"]
[Result "1/2-1/2"]
[WhiteElo "2530"]
[BlackElo "2525"]

1.d4 d5 2.c4 dxc4 3.Nf3 Nf6 4.e3 e6 5.Bxc4 c5 6.O-O a6 7.a4 Nc6 8.Qe2 cxd4
9.Rd1 Be7 10.exd4 O-O 11.Bd3 Nb4 12.Bc4 Nd7 13.Qe4 Nf6 14.Qe2 Nfd5 15.Qe4  1/2-1/2

[Event "Pardubice op"]
[Site "Pardubice"]
[Date "1994.??.??"]
[Round "2"]
[White "Yakovich, Yuri"]
[Black "Bus, Mariusz"]
[Result "1-0"]
[WhiteElo "2515"]
[BlackElo "2385"]

1.d4 d5 2.c4 dxc4 3.e3 Nf6 4.Bxc4 e6 5.Nf3 c5 6.Qe2 a6 7.dxc5 Bxc5 8.O-O b5
9.Bd3 Nbd7 10.a4 b4 11.Nbd2 Bb7 12.e4 Ng4 13.Nc4 Qb8 14.h3 h5 15.Bd2 g5 16.Bxg5 Rg8
17.Bh4 Qf4 18.Kh1 Ngf6 19.Bg3 Rxg3 20.fxg3 Qxg3 21.Na5 Ng4 22.Nxb7 Nf2+ 23.Rxf2 Bxf2
24.Rf1 Bb6 25.e5  1-0

[Event "Pardubice op"]
[Site "Pardubice"]
[Date "1994.??.??"]
[Round "5"]
[White "Gavrilov, Alexei"]
[Black "Vaulin, Alexander"]
[Result "1/2-1/2"]
[WhiteElo "2425"]
[BlackElo "2550"]

1.d4 d5 2.c4 dxc4 3.e3 c5 4.Bxc4 e6 5.Nf3 Nf6 6.O-O a6 7.Bd3 Nbd7 8.Qe2 b6
9.dxc5 Bxc5 10.e4 Bb7 11.Nc3 Qb8 12.Be3 O-O 13.Rad1 b5 14.a3 Qc7 15.Rc1 Bxe3
16.Qxe3 Qc5 17.Qf4 e5 18.Qf5 Qe7 19.Bb1 Rfe8 20.Rfe1 g6 21.Qg5 Rac8 22.Rcd1 Nb6
23.Nd2 Kg7 24.Ba2 h6 25.Qe3 Qc5 26.Qxc5 Rxc5 27.Nb3 Rxc3 28.bxc3 Nxe4 29.Na5 Ba8
30.c4 Nc3 31.Rd6 Nba4 32.Bb3 Nc5 33.cxb5 Nxb5 34.Rdd1 Nxb3 35.Nxb3 Nxa3 36.Nc5 Nc2
37.Re2 Nb4 38.Ra1 Bd5 39.Rb2 Rc8 40.Nd7 Nd3 41.Rd2 Be4 42.f3 Bf5 43.Nb6 Rb8
44.Nc4 Be6 45.Rxd3 Bxc4 46.Re3 Kf6 47.Rc1 Bd5 48.Rce1 Re8 49.h4 Re6 50.Kf2 Bc6
51.Rc1  1/2-1/2

[Event "Paris op"]
[Site "Paris"]
[Date "1994.??.??"]
[Round "1"]
[White "Clarac, Jean Marie"]
[Black "Roumegous, Etienne"]
[Result "0-1"]
[WhiteElo "2220"]
[BlackElo "2140"]

1.d4 d5 2.Nf3 e6 3.c4 dxc4 4.e3 c5 5.Bxc4 Nf6 6.O-O Nc6 7.Nc3 cxd4 8.exd4 Be7
9.Re1 O-O 10.Bf4 Nb4 11.Qb3 Nbd5 12.Be5 b6 13.Ng5 h6 14.Nge4 Bb7 15.f3 Nxc3
16.bxc3 Bd5 17.Nxf6+ Bxf6 18.Bxd5 Qxd5 19.Qxd5 exd5 20.Bxf6 gxf6 21.Re7 Rfc8
22.Rc1 Kf8 23.Rd7 Rd8 24.Rxd8+ Rxd8 25.c4 dxc4 26.Rxc4 b5 27.Rb4 Rd5 28.a4 a5
29.Rb1 b4 30.Rd1 Rd7 31.d5 Ke7 32.Kf2 Kd6 33.Ke3 Re7+ 34.Kd4 Re2 35.Kc4 Rc2+
36.Kb5 Rc5+ 37.Kb6 Rxd5 38.Rc1 Ke5 39.Rc4 Rd4 40.Rc5+ Rd5 41.Rc4 b3 42.Re4+ Kd6
43.Re3 b2 44.Rb3 Rd2 45.Kxa5 Kc5 46.Rb5+ Kc4 47.Kb6 Re2 48.g4 Re6+ 49.Kb7 Re7+
50.Kb8 Kc3 51.a5 Re5  0-1

[Event "Polanica Zdroj op"]
[Site "Polanica Zdroj"]
[Date "1994.??.??"]
[Round "?"]
[White "Jasnikowski, Zbigniew"]
[Black "Bobras, Piotr"]
[Result "1/2-1/2"]
[WhiteElo "2475"]
[BlackElo "2215"]

1.d4 d5 2.c4 dxc4 3.Nf3 Nf6 4.e3 e6 5.Bxc4 c5 6.O-O a6 7.a4 Nc6 8.Qe2 cxd4
9.Rd1 Be7 10.exd4 O-O 11.Nc3 Nd5 12.Qe4 Ncb4 13.Ne5 Ra7 14.Bb3 b6 15.Nxd5 exd5
16.Qf3 Be6 17.Bd2 Rc7 18.Bxb4 Bxb4 19.Nd3 Bd6 20.Nf4 Qh4 21.g3 Qf6 22.Qe3 Bxf4
23.Qxf4 Qxf4 24.gxf4 f6 25.Re1 Bf7 26.f3 Rfc8 27.Kf2 Kf8 28.Ke3 Re7+ 29.Kd2 Ke8
30.Rac1 Rxc1 31.Rxc1 Kd7 32.Bc2 h6 33.Bd3 a5 34.f5 Kd6 35.Rc8 Re8 36.Rc3 Rb8
37.Bb5 Be8 38.Re3 Bd7 39.Bxd7 Kxd7 40.Rb3 Kc6 41.Rc3+ Kd7 42.Ke3 Kd6 43.Kf4 b5
44.Rb3 Kc6 45.Kg4 Rb6 46.Rc3+ Kd6 47.axb5 Rxb5 48.b3 Rb4 49.Rd3 Ke7 50.Kh5 Kf7
51.Rc3 Rxd4 52.Rc7+ Kf8 53.Kg6 Rd2 54.Rf7+ Ke8 55.Rxg7 Rxh2 56.Kxf6 Rf2 57.Re7+ Kf8
58.Re3 h5 59.Rd3 Kg8 60.Kg5 Kf7 61.Rxd5 Rxf3 62.Rb5 h4 63.Kxh4 a4 64.bxa4 Rf4+
65.Kg5 Rxa4 66.Rb7+ Kg8 67.Kg6 Rg4+ 68.Kf6 Ra4 69.Rb8+ Kh7 70.Re8 Ra6+ 71.Kf7 Ra7+
72.Re7 Ra8 73.Kf6+ Kh6 74.Re6 Kh7 75.Kf7 Ra7+ 76.Re7 Ra8 77.f6 Rb8 78.Ra7 Kh6
79.Re7 Kh7 80.Rd7 Ra8  1/2-1/2

[Event "ROM-chT"]
[Site "ROM"]
[Date "1994.??.??"]
[Round "?"]
[White "Nutu Gajic, Dana"]
[Black "Muresan, Margareta"]
[Result "1/2-1/2"]
[WhiteElo "2330"]
[BlackElo "2215"]

1.d4 d5 2.c4 dxc4 3.Nf3 Nf6 4.e3 c5 5.Bxc4 e6 6.O-O a6 7.Bb3 Be7 8.Nc3 Nc6
9.dxc5 Qxd1 10.Rxd1 Bxc5 11.Bd2 Bd7 12.Rac1 Ba7 13.Be1 Ke7 14.Ng5 Rhd8 15.Nce4 Nxe4
16.Nxe4 Be8 17.Nc5 Rab8 18.Rxd8 Kxd8 19.f4 Kc7 20.Bd1 Rd8 21.Bf3 h6 22.Kf2 g5
23.g3 Rd6 24.b4 f5 25.Be2 Kb8 26.Bc4 e5 27.Bc3 gxf4 28.gxf4 exf4 29.exf4 b5
30.Re1 Bh5 31.Be6 Nd4 32.Bg8 a5 33.Re5 axb4 34.Bxd4 Rxd4 35.Kg3 Bg6  1/2-1/2

[Event "SLO-chT"]
[Site "?"]
[Date "1994.??.??"]
[Round "?"]
[White "Farago, Ivan"]
[Black "Marinsek, Tomaz"]
[Result "1-0"]
[WhiteElo "2515"]
[BlackElo "2185"]

1.d4 d5 2.c4 dxc4 3.Nf3 Nf6 4.e3 e6 5.Bxc4 c5 6.Qe2 Nc6 7.O-O a6 8.dxc5 Bxc5
9.e4 b5 10.Bb3 Bb7 11.Nc3 Qc7 12.e5 Nd7 13.Bf4 Ne7 14.Rac1 Qb6 15.Rfd1 Ng6
16.Bg3 Rd8 17.Ne4 Bxe4 18.Qxe4 O-O 19.Ng5 Be7 20.h4 Bxg5 21.hxg5 Nb8 22.Rd6 Qa7
23.Qd3 Rd7 24.Rxd7 Nxd7 25.Qd6 Nb8 26.Rc7 Qa8 27.Rxf7 Rxf7 28.Qxe6 Qb7 29.Qe8+ Nf8
30.a3 Nc6 31.Bxf7+ Qxf7 32.Qxc6 Qa2 33.Kh2 Qxb2 34.Qd5+ Kh8 35.Qd6 Kg8 36.e6 Qe2
37.e7 Qh5+ 38.Kg1 Qe8 39.Qd5+ Kh8 40.Qd8  1-0